[Event "European Rapid 2014"]
[Site "Wroclaw POL"]
[Date "2014.12.21"]
[Round "8.27"]
[White "Popov, Valerij"]
[Black "Skytte, Rasmus"]
[Result "1-0"]
[WhiteTitle "GM"]
[BlackTitle "IM"]
[WhiteElo "2555"]
[BlackElo "2424"]
[WhiteFideId "4119410"]
[BlackFideId "1404210"]
[EventDate "2014.12.20"]

1. c4 Nf6 2. Nc3 e6 3. Nf3 d5 4. d4 Bb4 5. cxd5 exd5 6. Bg5 Nbd7 7. Rc1 h6 8.
Bh4 c6 9. a3 Be7 10. Qc2 O-O 11. e3 Ne4 12. Nxe4 Bxh4 13. Nc3 Be7 14. Bd3 Bd6
15. O-O Nf6 16. Rb1 Re8 17. b4 Bg4 18. Nd2 Bd7 19. Bf5 g6 20. Bxd7 Qxd7 21. Rb3
Qe7 22. Rfb1 Rac8 23. a4 h5 24. Qd3 Bxh2+ 25. Kxh2 Ng4+ 26. Kg1 Qh4 27. Nd1 Qh2+
28. Kf1 Qh1+ 29. Ke2 Qxg2 30. e4 Rxe4+ 31. Nxe4 Re8 32. Qf3 Rxe4+ 33. Ne3 Qh2
34. Qg3 Qxg3 35. fxg3 Rxd4 36. Nxg4 Rxg4 37. Rc1 Re4+ 38. Kf2 h4 39. gxh4 Rxh4
40. b5 Rxa4 41. bxc6 bxc6 42. Rxc6 1-0

[Event "European Rapid 2014"]
[Site "Wroclaw POL"]
[Date "2014.12.21"]
[Round "8.28"]
[White "Hoepfl, Thomas"]
[Black "Lysyj, Igor"]
[Result "0-1"]
[WhiteTitle "FM"]
[BlackTitle "GM"]
[WhiteElo "2296"]
[BlackElo "2686"]
[WhiteFideId "4615182"]
[BlackFideId "4150120"]
[EventDate "2014.12.20"]

1. e4 e6 2. d3 d5 3. Qe2 Nf6 4. Nf3 b6 5. g3 Bb7 6. e5 Nfd7 7. Bg2 c5 8. O-O Be7
9. c4 d4 10. h4 Nc6 11. h5 g5 12. Re1 h6 13. Na3 a6 14. Nc2 Qc7 15. g4 O-O-O 16.
a3 Bf8 17. b4 Kb8 18. bxc5 bxc5 19. Rb1 Ka7 20. Bd2 Ba8 21. Rb3 Be7 22. a4 Rb8
23. Rxb8 Rxb8 24. Na3 Rb2 25. Nb5+ axb5 26. axb5 Nb4 27. Ra1+ Kb8 28. Qd1 Bb7
29. Qa4 Nb6 30. Qa3 Rxd2 31. Qa7+ Kc8 32. Nxd2 Nxd3 33. Ne4 Nxe5 0-1

[Event "European Rapid 2014"]
[Site "Wroclaw POL"]
[Date "2014.12.21"]
[Round "8.29"]
[White "Efimenko, Zahar"]
[Black "Bernotas, Arturs"]
[Result "1-0"]
[WhiteTitle "GM"]
[WhiteElo "2643"]
[BlackElo "2272"]
[WhiteFideId "14107201"]
[BlackFideId "11601426"]
[EventDate "2014.12.20"]

1. e4 c5 2. Nf3 d6 3. d4 cxd4 4. Nxd4 Nf6 5. Nc3 a6 6. a4 g6 7. Be2 Bg7 8. O-O
O-O 9. Be3 Nc6 10. Qd2 Ng4 11. Bxg4 Bxg4 12. f3 Be6 13. Rfd1 Qa5 14. Nxc6 bxc6
15. Nd5 Qd8 16. Bb6 Qd7 17. Nc7 Rac8 18. Nxe6 Qxe6 19. c3 Qb3 20. a5 c5 21. Qe2
c4 22. Rd5 e6 23. Rxd6 Qb5 24. Rad1 Be5 25. Rd7 Qa4 26. Qf2 Qb3 27. f4 Bg7 28.
e5 Rfe8 29. R1d2 Bf8 30. Ra7 Re7 31. Rxe7 Bxe7 32. Qd4 Qb5 33. Qd7 Bc5+ 34. Kf1
Qc6 35. Qxc6 Rxc6 36. Rd8+ Kg7 37. Rb8 g5 38. fxg5 Kg6 39. Bd8 Kf5 40. Rb7 Kxe5
41. Rxf7 Ke4 42. Ke2 Be3 43. Rxh7 Rd6 44. Rh4+ Bf4 45. Rxf4+ Kd5 1-0

[Event "European Rapid 2014"]
[Site "Wroclaw POL"]
[Date "2014.12.21"]
[Round "8.30"]
[White "Alekseev, Evgeny"]
[Black "Antoms, Guntars"]
[Result "1-0"]
[WhiteTitle "GM"]
[BlackTitle "IM"]
[WhiteElo "2679"]
[BlackElo "2345"]
[WhiteFideId "4138147"]
[BlackFideId "11601469"]
[EventDate "2014.12.20"]

1. e4 d5 2. exd5 Qxd5 3. Nc3 Qa5 4. d4 Nf6 5. Nf3 Bg4 6. h3 Bh5 7. g4 Bg6 8. Ne5
Nbd7 9. Nc4 Qa6 10. d5 O-O-O 11. Bf4 e5 12. Nxe5 Qa5 13. Nc4 Re8+ 14. Be2 Qb4
15. O-O Ne4 16. a3 Nxc3 17. axb4 Nxe2+ 18. Kh2 Nxf4 19. Rxa7 Re4 20. Ra8+ Nb8
21. d6 cxd6 22. Nxd6+ Kc7 23. Nxe4 Bxe4 24. Rxb8 1-0

[Event "European Rapid 2014"]
[Site "Wroclaw POL"]
[Date "2014.12.21"]
[Round "8.31"]
[White "Edouard, Romain"]
[Black "Szczepkowska-Horowska, Karina"]
[Result "1/2-1/2"]
[WhiteTitle "GM"]
[BlackTitle "WGM"]
[WhiteElo "2659"]
[BlackElo "2398"]
[WhiteFideId "633429"]
[BlackFideId "1122681"]
[EventDate "2014.12.20"]

1. Nf3 Nf6 2. c4 g6 3. g3 Bg7 4. Bg2 O-O 5. O-O d6 6. d4 Nc6 7. Nc3 Bf5 8. Qd2
Ne4 9. Nxe4 Bxe4 10. d5 Bxf3 11. exf3 Nd4 12. Rb1 Qd7 13. Qd1 c5 14. dxc6 bxc6
15. f4 Rab8 16. Re1 c5 17. Bd2 e6 18. Bc3 Nf5 19. Qd3 Qa4 20. g4 Nd4 21. Be4 Qd7
22. b4 d5 23. Bg2 cxb4 24. Bxb4 dxc4 25. Qxc4 Rfc8 26. Qd3 Qc7 27. Bd2 Rxb1 28.
Rxb1 Rb8 29. Rc1 Qb6 30. Be3 h6 31. h3 Qb2 32. Kh2 Rd8 33. Qa6 Nc2 34. Qa5 Rf8
35. Bd2 Nd4 36. Rc7 Ne2 37. Bf3 Nxf4 38. Qb4 Qxb4 39. Bxb4 Be5 40. Bxf8 Bxc7 41.
Bxh6 f6 42. h4 Nd3+ 43. Kg1 Bb6 44. Kf1 Nxf2 45. Ke2 f5 46. gxf5 gxf5 47. h5 Nh3
48. Bg2 Nf2 49. Bc6 Kf7 50. a4 Ng4 51. Bd2 Ne5 52. Bb5 a5 53. Bc3 Ng4 54. Bd7
Nf6 55. h6 Nh7 56. Kd3 Ke7 57. Bc8 Kf7 58. Be5 Bd8 59. Kc4 Kg6 60. Bxe6 Kxh6 61.
Bxf5 Nf6 62. Kb5 Kg5 63. Be6 Ne4 64. Kc6 Bf6 65. Bc7 Nc3 66. Bb3 Ne2 67. Kb6 Bc3
68. Bc4 Nd4 69. Ka6 Nc6 70. Kb7 Ne5 71. Bb5 Kf6 72. Ka6 Ke7 73. Bxa5 Bxa5 74.
Kxa5 Nd7 75. Kb4 Kd6 76. a5 Nc5 77. Be2 Nd7 78. Kb5 Kc7 79. Bf3 Kb8 80. Bc6 Ne5
81. Bd5 Ka7 82. Kc5 Ka6 83. Kd4 Kxa5 84. Kxe5 1/2-1/2

[Event "European Rapid 2014"]
[Site "Wroclaw POL"]
[Date "2014.12.21"]
[Round "8.32"]
[White "Bologan, Viktor"]
[Black "Bartel, Michal"]
[Result "1-0"]
[WhiteTitle "GM"]
[BlackTitle "FM"]
[WhiteElo "2643"]
[BlackElo "2327"]
[WhiteFideId "13900048"]
[BlackFideId "1119257"]
[EventDate "2014.12.20"]

1. d4 Nf6 2. c4 c5 3. d5 e6 4. Nc3 exd5 5. cxd5 d6 6. Nf3 g6 7. g3 Bg7 8. Bg2
O-O 9. O-O Na6 10. h3 Nc7 11. e4 Re8 12. Re1 Rb8 13. a4 a6 14. Bf4 Nh5 15. Bg5
Bf6 16. Bxf6 Nxf6 17. e5 dxe5 18. Nxe5 Rxe5 19. Rxe5 Qd6 20. Re1 b5 21. axb5
axb5 22. Qd2 b4 23. Ne4 Nxe4 24. Rxe4 Bb7 25. Qf4 Nb5 26. Ra5 Qxf4 27. gxf4 Nd6
28. Re7 Rc8 29. Rd7 Nc4 30. Ra7 Nxb2 31. Raxb7 Nd3 32. d6 Nxf4 33. Rxf7 Nxg2 34.
Rg7+ Kh8 35. Rxh7+ Kg8 36. Rbg7+ Kf8 37. Rc7 1-0

[Event "European Rapid 2014"]
[Site "Wroclaw POL"]
[Date "2014.12.21"]
[Round "8.33"]
[White "Bindrich, Falko"]
[Black "Wiewiora, Eneasz"]
[Result "1-0"]
[WhiteTitle "GM"]
[WhiteElo "2610"]
[BlackElo "2219"]
[WhiteFideId "4676670"]
[BlackFideId "1140396"]
[EventDate "2014.12.20"]

1. Nf3 e6 2. c4 Nf6 3. Nc3 b6 4. g3 Bb7 5. Bg2 g6 6. O-O Bg7 7. Re1 O-O 8. e4 d6
9. d4 Nbd7 10. h3 e5 11. d5 Nh5 12. h4 Ndf6 13. Bh3 Bc8 14. Bxc8 Qxc8 15. Kg2
Ng4 16. Ng5 Ngf6 17. Bd2 h6 18. Nh3 Qd7 19. Qe2 Kh8 20. b4 Nh7 21. c5 dxc5 22.
bxc5 bxc5 23. Qb5 Qg4 24. Qe2 f5 25. Qxg4 fxg4 26. Ng1 Rab8 27. Rab1 Rb4 28. Nb5
Ra4 29. Nxc7 Rxa2 30. Be3 Nf4+ 31. gxf4 exf4 32. Bxc5 g3 33. Rf1 Rf7 34. Rb8+ 1-0

[Event "European Rapid 2014"]
[Site "Wroclaw POL"]
[Date "2014.12.21"]
[Round "8.34"]
[White "Girya, Olga"]
[Black "Guliyev, Namig"]
[Result "0-1"]
[WhiteTitle "WGM"]
[BlackTitle "GM"]
[WhiteElo "2457"]
[BlackElo "2557"]
[WhiteFideId "4195752"]
[BlackFideId "13400363"]
[EventDate "2014.12.20"]

1. d4 d5 2. Nf3 Nf6 3. c4 dxc4 4. Nc3 a6 5. e4 b5 6. e5 Nd5 7. a4 Nxc3 8. bxc3
Bb7 9. e6 f6 10. g3 Qd5 11. Bg2 Qxe6+ 12. Be3 Qc8 13. d5 c6 14. axb5 axb5 15.
Rxa8 Bxa8 16. Nd4 cxd5 17. Nxb5 e6 18. Bf4 Na6 19. O-O Be7 20. Qh5+ g6 21. Qh6
Kf7 22. Bh3 Bc6 23. Nd4 Bd7 24. Bg2 Bf8 25. Qh4 h5 26. Qh3 Be7 27. Rb1 g5 28.
Be3 Nc7 29. g4 hxg4 30. Qxg4 e5 31. Qg3 exd4 32. Bxd4 Bf5 33. Rb6 Qd8 34. Rb7
Ne6 35. Bb6 Qa8 36. Ra7 Qc6 37. Qe3 Rb8 0-1

[Event "European Rapid 2014"]
[Site "Wroclaw POL"]
[Date "2014.12.21"]
[Round "8.35"]
[White "Deviatkin, Andrei"]
[Black "Lach, Aleksandra"]
[Result "1-0"]
[WhiteTitle "GM"]
[BlackTitle "WFM"]
[WhiteElo "2528"]
[BlackElo "2208"]
[WhiteFideId "4121260"]
[BlackFideId "1134299"]
[EventDate "2014.12.20"]

1. d4 f5 2. Nh3 Nf6 3. Nc3 d6 4. d5 e5 5. dxe6 Bxe6 6. g3 c6 7. Bg2 d5 8. O-O
Bd6 9. Bf4 O-O 10. Ng5 Re8 11. Bxd6 Qxd6 12. e4 fxe4 13. Ncxe4 Qe7 14. Nxf6+
Qxf6 15. Qh5 Qg6 16. Qxg6 hxg6 17. Rfe1 Bd7 18. Rxe8+ Bxe8 19. Re1 Na6 20. Re7
Kf8 21. Rxb7 Nc5 22. Rc7 a5 23. Bxd5 cxd5 24. Rxc5 d4 25. Ne6+ Ke7 26. Nxd4 Bf7
27. Rxa5 1-0

[Event "European Rapid 2014"]
[Site "Wroclaw POL"]
[Date "2014.12.21"]
[Round "8.36"]
[White "Pajeken, Wolfgang"]
[Black "Kempinski, Robert"]
[Result "0-1"]
[WhiteTitle "FM"]
[BlackTitle "GM"]
[WhiteElo "2312"]
[BlackElo "2626"]
[WhiteFideId "4622170"]
[BlackFideId "1105663"]
[EventDate "2014.12.20"]

1. d4 Nf6 2. Bg5 c5 3. Bxf6 exf6 4. d5 Qb6 5. Qc1 d6 6. e3 f5 7. c4 Be7 8. Nc3
O-O 9. Bd3 Bf6 10. Nge2 Nd7 11. b3 Ne5 12. Bc2 Re8 13. O-O Bd7 14. Qd2 a6 15. a4
Qa5 16. Rad1 Qb4 17. e4 b5 18. cxb5 axb5 19. exf5 bxa4 20. Nxa4 Qxd2 21. Rxd2
Bxa4 22. bxa4 Nc4 23. Rdd1 Na3 24. Rd2 c4 25. Bd1 c3 26. Ra2 c2 0-1

[Event "European Rapid 2014"]
[Site "Wroclaw POL"]
[Date "2014.12.21"]
[Round "8.37"]
[White "Berzina, Ilze"]
[Black "Neiksans, Arturs"]
[Result "0-1"]
[WhiteTitle "WGM"]
[BlackTitle "GM"]
[WhiteElo "2226"]
[BlackElo "2559"]
[WhiteFideId "11601345"]
[BlackFideId "11601388"]
[EventDate "2014.12.20"]

1. e4 c5 2. Nf3 e6 3. c4 Nc6 4. Nc3 Nge7 5. Be2 a6 6. O-O Nd4 7. Nxd4 cxd4 8.
Nb1 Nc6 9. d3 Be7 10. f4 O-O 11. Nd2 b5 12. e5 d6 13. Bf3 Bb7 14. Be4 bxc4 15.
exd6 Bxd6 16. Nxc4 Rb8 17. f5 exf5 18. Bxf5 Bc7 19. Qg4 Ne7 20. Bg5 f6 21. Be6+
Kh8 22. Bf4 Bd5 23. Bxc7 Qxc7 24. Rac1 Rfd8 25. Bxd5 Nxd5 26. Qxd4 Nb4 27. Qe4
Nxd3 28. Rc3 Nxb2 29. Rh3 h6 30. Ne3 Nd3 31. Qg6 Ne5 32. Qg3 Qb6 33. Kh1 Rd3 34.
Qf4 Qd4 35. Rxh6+ Kg8 36. Qxd4 Rxd4 37. Rh3 Rb2 38. Rg3 Rd3 39. a4 Ra2 40. h3
Raa3 41. Rxf6 Rxe3 42. Rxe3 Rxe3 43. Rxa6 Ra3 44. Kg1 Ra2 45. a5 Kh7 46. Kh2 Nc4
47. Kg3 Nxa5 48. Kh4 Ra3 49. g4 Nc4 50. Rxa3 Nxa3 51. Kg5 Nc4 52. h4 Nd6 53. h5
Nf7+ 54. Kf5 Kh6 55. Ke6 Ng5+ 56. Ke7 Ne4 57. Kf7 Ng5+ 58. Ke7 Kh7 59. Kf8 Ne4
60. Kf7 Kh6 61. Kf8 Ng5 62. Kg8 Ne6 63. Kf7 Nd8+ 64. Kg8 Ne6 65. Kf7 Nf4 66. Kf8
Kh7 67. Kf7 Nd3 68. Ke6 Nf2 69. g5 Nd3 70. Kf5 Nc5 71. Ke5 Nd7+ 72. Ke6 Nb6 73.
Kf5 Nc4 74. Ke6 Nb2 75. Kf5 Nd3 76. Ke4 Nc1 77. Kf5 Ne2 78. Kg4 Ng1 79. Kf4 Kg8
80. g6 Kf8 81. Kg4 Kg8 82. Kf4 Nh3+ 83. Kg4 Nf2+ 84. Kf4 Kf8 85. Kg3 Ne4+ 86.
Kf4 Nf6 87. Kf5 Nxh5 0-1

[Event "European Rapid 2014"]
[Site "Wroclaw POL"]
[Date "2014.12.21"]
[Round "8.38"]
[White "Schmidt, Wlodzimierz"]
[Black "Plat, Vojtech"]
[Result "0-1"]
[WhiteTitle "GM"]
[BlackTitle "IM"]
[WhiteElo "2332"]
[BlackElo "2432"]
[WhiteFideId "1100041"]
[BlackFideId "325740"]
[EventDate "2014.12.20"]

1. d4 d6 2. Nf3 Nf6 3. c4 Bg4 4. Qb3 Qc8 5. g3 Nc6 6. Be3 e5 7. Nbd2 Be7 8. Bg2
O-O 9. O-O Re8 10. Rfe1 Bf8 11. dxe5 dxe5 12. Ng5 h6 13. Nge4 Nd7 14. h3 Be6 15.
Kh2 Nd4 16. Bxd4 exd4 17. f4 Bf5 18. e3 Bxe4 19. Nxe4 f5 20. c5+ Kh8 21. exd4
fxe4 22. Bxe4 c6 23. Bf5 Qd8 24. Qxb7 Nf6 25. Qxc6 Qxd4 26. Qg2 Qxc5 27. Bg6
Rxe1 28. Rxe1 Rd8 29. g4 Bd6 0-1

[Event "European Rapid 2014"]
[Site "Wroclaw POL"]
[Date "2014.12.21"]
[Round "8.39"]
[White "Borkowski, Franciszek"]
[Black "Dragun, Kamil"]
[Result "1-0"]
[WhiteTitle "IM"]
[BlackTitle "GM"]
[WhiteElo "2322"]
[BlackElo "2547"]
[WhiteFideId "1100173"]
[BlackFideId "1134167"]
[EventDate "2014.12.20"]

1. e4 c5 2. Nf3 e6 3. d4 cxd4 4. Nxd4 a6 5. c4 Qc7 6. a3 Nf6 7. Nc3 d6 8. Be2
Nbd7 9. O-O b6 10. Be3 Bb7 11. f3 Be7 12. Rc1 O-O 13. Qe1 Rac8 14. Qf2 Rfe8 15.
Rfd1 Qb8 16. Bf1 Bd8 17. Kh1 Ne5 18. b3 Bc7 19. Bg5 Nfd7 20. h3 h6 21. Be3 Nf6
22. Nde2 Ned7 23. b4 Qa8 24. Na4 d5 25. Nxb6 Bxb6 26. Bxb6 dxe4 27. f4 e5 28. f5
Nxb6 29. Qxb6 Rc6 30. Qe3 Nh5 31. Kh2 Qb8 32. Nc3 Rf6 33. g4 Nf4 34. Nxe4 Bxe4
35. Qxe4 a5 36. b5 Qb6 37. c5 Qb8 38. b6 g6 39. Bb5 Rf8 40. b7 h5 41. c6 Qa7 42.
Rd2 hxg4 43. hxg4 gxf5 44. Qxe5 Rh6+ 45. Kg3 Ng6 46. Qc5 f4+ 47. Kg2 Qb8 48. Kg1
Qe8 49. Re2 Qd8 50. c7 Qh4 51. Qd5 Ne5 52. c8=Q Qg3+ 53. Qg2 Nf3+ 54. Kf1 Nh2+
55. Qxh2 Qf3+ 56. Rf2 Rxh2 57. Qxf8+ Kxf8 58. b8=Q+ Kg7 59. Rxf3 1-0

[Event "European Rapid 2014"]
[Site "Wroclaw POL"]
[Date "2014.12.21"]
[Round "8.40"]
[White "Sivuk, Vitaly"]
[Black "Sabuk, Piotr"]
[Result "1-0"]
[WhiteTitle "IM"]
[WhiteElo "2501"]
[BlackElo "2347"]
[WhiteFideId "14116502"]
[BlackFideId "1137565"]
[EventDate "2014.12.20"]

1. d4 d5 2. c4 e6 3. Nf3 Nf6 4. Nc3 Be7 5. Bf4 O-O 6. a3 c5 7. dxc5 Bxc5 8. e3
Nc6 9. Qc2 Qa5 10. Rd1 Be7 11. Be2 dxc4 12. Bxc4 e5 13. Bg3 Bg4 14. O-O Rac8 15.
Nd5 Bxf3 16. gxf3 Nxd5 17. Rxd5 Qb6 18. Rb5 Qc7 19. Qe4 Bf6 20. Rd1 g6 21. Ba2
Rfd8 22. Rdd5 b6 23. Kg2 Bg7 24. Rxd8+ Rxd8 25. Rb3 Rd6 26. Rc3 Qd7 27. Bc4 Qf5
28. Bxf7+ Kxf7 29. Rxc6 Qxe4 30. Rc7+ Ke6 31. fxe4 Rd7 32. Rc8 Bf6 33. Rc2 Rd1
34. Kf3 h5 35. Ke2 Rh1 36. Rc6+ Kf7 37. h4 Bxh4 38. Bxe5 Be7 39. Kf3 Rg1 40. Rc7
Ke6 41. Rxa7 Bxa3 42. Bh2 Rh1 43. Kg2 Rxh2+ 44. Kxh2 Bd6+ 45. f4 g5 46. Kg3 g4
47. Rh7 1-0

[Event "European Rapid 2014"]
[Site "Wroclaw POL"]
[Date "2014.12.21"]
[Round "8.41"]
[White "Kulaots, Kaido"]
[Black "Janocha, Wieslaw"]
[Result "1/2-1/2"]
[WhiteTitle "GM"]
[BlackTitle "FM"]
[WhiteElo "2563"]
[BlackElo "2269"]
[WhiteFideId "4500261"]
[BlackFideId "1100548"]
[EventDate "2014.12.20"]

1. d4 d5 2. c4 c6 3. Nf3 Nf6 4. Qc2 g6 5. Bf4 Bf5 6. Qb3 Qb6 7. e3 Qxb3 8. axb3
Bxb1 9. Rxb1 e6 10. c5 Nbd7 11. h3 Be7 12. Ra1 O-O 13. Nd2 Nh5 14. Bh2 e5 15. b4
exd4 16. exd4 Bf6 17. Nb3 Ng7 18. O-O-O Ne6 1/2-1/2

[Event "European Rapid 2014"]
[Site "Wroclaw POL"]
[Date "2014.12.21"]
[Round "8.42"]
[White "Sroczynski, Maciej"]
[Black "Stopa, Jacek"]
[Result "0-1"]
[BlackTitle "IM"]
[WhiteElo "2267"]
[BlackElo "2521"]
[WhiteFideId "1121472"]
[BlackFideId "1119591"]
[EventDate "2014.12.20"]

1. d4 f5 2. g3 Nf6 3. Bg2 g6 4. Nf3 Bg7 5. O-O O-O 6. c4 d6 7. Nc3 c6 8. d5 e5
9. dxe6 Bxe6 10. Qd3 Na6 11. Bf4 d5 12. Ng5 Nc5 13. Nxe6 Nxd3 14. Nxd8 Nxf4 15.
gxf4 Rfxd8 16. cxd5 cxd5 17. Nb5 Ne4 18. Rfd1 Rac8 19. Nd4 Rd6 20. e3 Rc4 21. f3
Bxd4 22. Rxd4 Rxd4 23. exd4 Nd2 24. Rc1 Rc6 25. Rxc6 bxc6 26. b3 Nb1 27. Bf1 Nc3
28. a4 Kf7 29. Kf2 Na2 30. Ke3 Nb4 31. Be2 a5 32. Bf1 Kg7 33. Bg2 Kf7 34. Bf1
Ke7 35. Be2 Kd6 36. Bf1 c5 37. dxc5+ Kxc5 38. Bb5 d4+ 39. Kf2 Nd5 40. Kg3 Kb4
41. Kh4 Kxb3 42. Kg5 Kc2 43. h4 d3 44. Bxd3+ Kxd3 45. h5 Ke3 46. hxg6 hxg6 0-1

[Event "European Rapid 2014"]
[Site "Wroclaw POL"]
[Date "2014.12.21"]
[Round "8.43"]
[White "Kosyrev, Vladimir"]
[Black "Pedini, Dario"]
[Result "1-0"]
[WhiteTitle "GM"]
[WhiteElo "2520"]
[BlackElo "2251"]
[WhiteFideId "4122259"]
[BlackFideId "824623"]
[EventDate "2014.12.20"]

1. d4 f5 2. Nf3 Nf6 3. g3 e6 4. Bg2 d5 5. Bf4 Bd6 6. c4 Bxf4 7. gxf4 c6 8. Nbd2
O-O 9. e3 Qe7 10. Qb3 a5 11. O-O a4 12. Qc2 a3 13. b3 b6 14. Ne5 Bb7 15. Rac1
Na6 16. Nd3 Ne4 17. c5 bxc5 18. Nxe4 fxe4 19. Nxc5 Nxc5 20. Qxc5 Qxc5 21. Rxc5
Kf7 22. f3 exf3 23. Bxf3 Ke7 24. h4 g6 25. Kf2 Kd6 26. Rg1 Rf6 27. Ke2 Ba6+ 28.
Kd2 Bb5 29. Rgc1 Ra6 30. Rg1 Ra7 31. Rc3 Rf5 32. Be2 Bxe2 33. Kxe2 Rh5 34. Rg4
Ra5 35. Kd3 Rb5 36. Rc2 c5 37. Rxc5 Rxc5 38. dxc5+ Kxc5 39. Kc3 e5 40. b4+ Kb5
41. Kb3 exf4 42. exf4 d4 43. Rg5+ Rxg5 44. fxg5 d3 45. Kc3 d2 46. Kxd2 Kxb4 47.
Kd3 Kc5 48. Kc3 Kd5 49. Kb3 Ke4 50. Kxa3 Kf4 51. Kb3 Kg4 52. a4 Kxh4 53. a5 Kxg5
54. a6 Kh4 55. a7 h5 56. a8=Q g5 57. Qg2 g4 58. Qh2+ Kg5 59. Kc3 h4 60. Kd3 g3
61. Qh3 Kf4 62. Ke2 1-0

[Event "European Rapid 2014"]
[Site "Wroclaw POL"]
[Date "2014.12.21"]
[Round "8.45"]
[White "Sotsky, Alexander"]
[Black "Warakomski, Tomasz"]
[Result "0-1"]
[WhiteTitle "IM"]
[BlackTitle "IM"]
[WhiteElo "2377"]
[BlackElo "2456"]
[WhiteFideId "4130715"]
[BlackFideId "1124552"]
[EventDate "2014.12.20"]

1. d4 d5 2. c3 Nf6 3. Bg5 e6 4. Nd2 Be7 5. e3 h6 6. Bxf6 Bxf6 7. f4 Bh4+ 8. g3
Be7 9. Ngf3 c5 10. Bd3 Qb6 11. Rb1 Nc6 12. O-O Bd7 13. Ne5 Nxe5 14. fxe5 Bb5 15.
c4 cxd4 16. cxb5 dxe3 17. Kg2 exd2 18. Qxd2 Rc8 19. Rf3 O-O 20. Rbf1 f5 21. exf6
Rxf6 22. Rxf6 Bxf6 23. Rxf6 gxf6 24. Qxh6 Rc7 25. Qg6+ Kf8 26. Qxf6+ Rf7 27.
Qh6+ Ke7 28. Qg5+ Kd7 29. Qg6 Qf2+ 30. Kh3 Qf6 31. Qxf6 Rxf6 32. Kg4 e5 33. Bf5+
Ke7 34. h4 e4 35. h5 Kf8 36. Bg6 Kg7 37. a4 e3 38. Bd3 Rf2 0-1

[Event "European Rapid 2014"]
[Site "Wroclaw POL"]
[Date "2014.12.21"]
[Round "8.46"]
[White "Czakon, Jakub"]
[Black "Bielinski, Dariusz"]
[Result "1-0"]
[WhiteTitle "IM"]
[WhiteElo "2479"]
[BlackElo "2178"]
[WhiteFideId "1120840"]
[BlackFideId "1109383"]
[EventDate "2014.12.20"]

1. f4 Nf6 2. Nf3 g6 3. g3 Bg7 4. Bg2 O-O 5. O-O c5 6. d3 d5 7. c3 Nc6 8. Na3 b6
9. Qc2 Bb7 10. e4 e6 11. e5 Nd7 12. Nb5 Ne7 13. Nd6 Bc6 14. b4 Nc8 15. b5 Nxd6
16. bxc6 1-0

[Event "European Rapid 2014"]
[Site "Wroclaw POL"]
[Date "2014.12.21"]
[Round "8.47"]
[White "Kantans, Toms"]
[Black "Paprocki, Jaroslaw"]
[Result "1-0"]
[WhiteTitle "IM"]
[WhiteElo "2447"]
[BlackElo "2186"]
[WhiteFideId "11602945"]
[BlackFideId "1122274"]
[EventDate "2014.12.20"]

1. e4 e5 2. Nf3 Nc6 3. d4 exd4 4. Nxd4 g6 5. Nc3 Bg7 6. Be3 d6 7. Be2 Nf6 8. O-O
O-O 9. f4 Ng4 10. Bxg4 Bxg4 11. Nxc6 Bxd1 12. Nxd8 Bxc2 13. Nxb7 a5 14. Rac1 Bd3
15. Rfd1 Bc4 16. b3 Be6 17. Nd5 a4 18. Nxc7 axb3 19. Nxe6 fxe6 20. axb3 Ra3 21.
Rd3 Rb8 22. Nxd6 Rbxb3 23. Rxb3 Rxb3 24. Rc8+ Bf8 25. Bc5 Kg7 26. Bd4+ Kg8 27.
Bf6 Rb1+ 28. Kf2 Rc1 29. Rxc1 Bxd6 30. Kf3 1-0

[Event "European Rapid 2014"]
[Site "Wroclaw POL"]
[Date "2014.12.21"]
[Round "8.48"]
[White "Djuric, Stefan"]
[Black "Perdek, Miroslaw"]
[Result "1-0"]
[WhiteTitle "GM"]
[BlackTitle "FM"]
[WhiteElo "2402"]
[BlackElo "2222"]
[WhiteFideId "900133"]
[BlackFideId "1102125"]
[EventDate "2014.12.20"]

1. d4 Nf6 2. c4 e6 3. g3 Bb4+ 4. Nd2 O-O 5. Nf3 d5 6. Qb3 a5 7. a3 Be7 8. Bg2 b6
9. O-O Bb7 10. Qc2 Nbd7 11. b3 c5 12. dxc5 bxc5 13. cxd5 exd5 14. Nh4 g6 15. Bb2
Qb6 16. e3 a4 17. bxa4 Bc6 18. Rab1 Bxa4 19. Qc1 Qe6 20. Re1 Rab8 21. e4 d4 22.
e5 Nd5 23. Nhf3 N7b6 24. Ne4 d3 25. Qh6 g5 26. Nf6+ 1-0

[Event "European Rapid 2014"]
[Site "Wroclaw POL"]
[Date "2014.12.21"]
[Round "8.49"]
[White "Kubien, Jerzy"]
[Black "Pakleza, Zbigniew"]
[Result "0-1"]
[WhiteTitle "FM"]
[BlackTitle "IM"]
[WhiteElo "2213"]
[BlackElo "2498"]
[WhiteFideId "1102621"]
[BlackFideId "1119290"]
[EventDate "2014.12.20"]

1. e4 d6 2. d4 Nf6 3. Nc3 c6 4. a4 Nbd7 5. Nf3 e5 6. dxe5 dxe5 7. Bc4 Bc5 8. O-O
O-O 9. Bg5 Qc7 10. a5 Rb8 11. h3 b5 12. axb6 axb6 13. Qe2 b5 14. Bb3 Be7 15. Nd2
Nc5 16. Ba2 Ne6 17. Be3 Nd4 18. Bxd4 exd4 19. Nd1 Bd6 20. c3 dxc3 21. Nxc3 Re8
22. Rfc1 Qb6 23. Bb3 Bf4 24. Re1 Be5 25. Qf3 Rb7 26. Nf1 Rbe7 27. Rad1 g6 28.
Nd2 Kg7 29. Re3 Bd4 30. Re2 c5 31. Nd5 Nxd5 32. Bxd5 Bxb2 33. Rb1 Bd4 34. Qb3 b4
35. Nf3 Bf6 36. Rbe1 Bc3 37. Rc1 Qf6 38. Re3 h5 39. Qc4 g5 40. h4 g4 41. Rexc3
bxc3 42. Ng5 g3 43. fxg3 Qd4+ 44. Kh2 Qxc4 45. Bxc4 f6 46. Nf3 Rxe4 47. Rxc3 Bg4
48. Bd5 Bxf3 49. gxf3 Re2+ 50. Kh3 Rc8 51. g4 Re5 52. Be4 Kh6 53. Kg3 Rg8 54.
Kf4 hxg4 55. fxg4 Rd8 56. Bf5 Rd4+ 57. Kf3 c4 58. Ra3 Rxf5+ 59. gxf5 Rxh4 60.
Ra5 Kg5 61. Rc5 Rf4+ 62. Kg3 Rd4 63. Kf3 Rg4 64. Rc8 Rf4+ 65. Kg3 Rd4 66. Rc5
Rd3+ 67. Kf2 c3 68. Ke2 Rh3 69. Kf1 Kf4 70. Ke2 Ke4 71. Kd1 Kd4 72. Rc6 Rh1+ 73.
Kc2 Rh2+ 74. Kd1 c2+ 75. Kc1 Ke5 76. Rc5+ Ke4 77. Ra5 Rf2 78. Rc5 Rxf5 79. Rxc2
Rd5 80. Re2+ Kf3 81. Re8 f5 82. Kc2 f4 83. Re7 Kf2 84. Re6 f3 85. Rf6 Ke2 86.
Re6+ Kf1 87. Rf6 f2 88. Rg6 Ke2 89. Re6+ Kf3 90. Rf6+ Ke3 91. Rf8 Rd4 0-1

[Event "European Rapid 2014"]
[Site "Wroclaw POL"]
[Date "2014.12.21"]
[Round "8.50"]
[White "Matnadze, Ana"]
[Black "Zakrzewski, Marek"]
[Result "1-0"]
[WhiteTitle "IM"]
[WhiteElo "2411"]
[BlackElo "2152"]
[WhiteFideId "13601377"]
[BlackFideId "1170694"]
[EventDate "2014.12.20"]

1. d4 Nf6 2. Nf3 e6 3. c4 d5 4. g3 Be7 5. Bg2 O-O 6. Nc3 dxc4 7. Ne5 c5 8. dxc5
Qxd1+ 9. Nxd1 Bxc5 10. Bd2 Nd5 11. Nxc4 Nc6 12. Rc1 Be7 13. O-O Rd8 14. Nde3 Nd4
15. Rfe1 b5 16. Nxd5 exd5 17. Na5 Bg4 18. f3 Bd7 19. e3 Ne6 20. b4 Rac8 21. f4
Rxc1 22. Rxc1 d4 23. e4 g6 24. a3 Kf8 25. Kf2 f6 26. Nc6 Bxc6 27. Rxc6 Rd6 28.
e5 fxe5 29. fxe5 Rxc6 30. Bxc6 a6 31. Bb7 Nc7 32. Kf3 a5 33. Ke4 a4 34. Kxd4 Ke8
35. Bc6+ Kf7 36. Bd5+ Ke8 37. Bg8 Kf8 38. Bd5 Ke8 39. Bc6+ Kf7 1-0